000 00411nam a2200181Ia 4500
008 160105s9999 xx 000 0 und d
041 _afre
245 _aPapillons
260 _aParis
260 _bLarousse
260 _c2004
300 _bill.
490 _aNature en poche
654 _xAGRICULTURE/LEPIDOPTERA/INSECTA
942 _c09
994 _a121078
999 _c20428
_d48426